How Many Dandy's World Toons Can You Name - Statistics

General Stats
  • This quiz has been taken 28 times
  • The average score is 38 of 41
Answer Stats
Answer % Correct
Astro
100%
Bassie
100%
Bobette
100%
Cocoa
100%
Cosmo
100%
Dandy
100%
Dyle
100%
Goob
100%
Gourdy
100%
Looey
100%
Scrap
100%
Sprout
100%
Squirm
100%
Yatta
100%
Blot
92%
Boxten
92%
Coal
92%
Eggson
92%
Flutter
92%
Flyte
92%
Ginger
92%
Poppy
92%
Rodger
92%
Rudie
92%
Shelly
92%
Teagan
92%
Toodles
92%
Vee
92%
Brightney
85%
Brusha
85%
Connie
85%
Eclipse
85%
Gigi
85%
Glisten
85%
Ribecca
85%
Shrimpo
85%
Tisha
85%
Finn
77%
Pebble
77%
Razzle and Dazzle
77%
Soulvester
77%
No matching quizzes found
Score Distribution
Percent of People with Each Score
Percentile by Number Answered
Your Score History
You have not taken this quiz